Movies Quiz

Random Movies or Role Quiz

Ratzenberger Pixar Roles Quiz Stats

 Plays Quiz Updated Mar 6, 2020

Support Sporcle.
Go Orange.
Score 0/15 Timer 05:00
0 Plays Today
Title Character % Correct
Toy Story 1-4Hamm
85.3%
Cars & Cars 2Mack
50.3%
Monsters, Inc. & U.The Abominable Snowman
50.2%
A Bug's LifeP.T. Flea
45.9%
Finding NemoFish School
41.8%
The Incredibles & Incredibles 2Underminer
33.9%
UpConstruction Foreman Tom
30.8%
WALL-EJohn
29.9%
Title Character % Correct
OnwardConstruction Worker Felix
24.4%
Finding DoryBill the Crab
21.4%
RatatouilleMustafa
18.6%
CocoJuan Ortodoncia
17%
Inside OutFritz
16.7%
The Good DinosaurEarl
16%
BraveGordon
14.2%

From the Vault

Countries of the British Empire

by zeppelinoid

History 15m
It's actually a little easier to list the countries that weren't a part of the British Empire at some point.
Remove Ads.
Support Sporcle.
Get the best of Sporcle when you Go Orange. This ad-free experience offers more features, more stats, and more fun while also helping to support Sporcle. Thank you for becoming a member.

Show Comments

Extras

Top Quizzes Today


Score Distribution

Your Account Isn't Verified!

In order to create a playlist on Sporcle, you need to verify the email address you used during registration. Go to your Sporcle Settings to finish the process.

Report this User

Report this user for behavior that violates our Community Guidelines.

Details: